|
|
|
|
| LEADER |
00000nam a2200000 a 4500 |
| 001 |
vtls009940842 |
| 003 |
SK-MaSNL |
| 005 |
20260331205013.0 |
| 008 |
251112s2009 xo a g 000 pdslo |
| 015 |
|
|
|a SNBA2009/09-05040
|
| 020 |
|
|
|a 9788097015961 (viaz.)
|
| 040 |
|
|
|a SNK
|b slo
|c SNK
|e AACR2
|
| 041 |
1 |
|
|a slo
|a eng
|h slo
|
| 044 |
|
|
|a xo
|c SK
|
| 072 |
|
7 |
|a 821.162.4-1
|x Slovenská poézia
|2 konspekt
|
| 080 |
|
|
|a 821.162.4-1
|2 2001
|
| 080 |
|
|
|a (0.027)=030
|2 2001
|
| 100 |
1 |
|
|a Bartoš, Miroslav,
|d 1949-
|4 ill
|9 97749
|
| 245 |
1 |
0 |
|a Solitudo
|b trochu soli tu do veršov
|c Miroslav Bartoš ; [do anglického jazyka preložil Michal Vongrej]
|
| 246 |
1 |
1 |
|a Salt of the earth into the verses here
|
| 250 |
|
|
|a [1. vyd.]
|
| 260 |
|
|
|a [Horná Štubňa]
|b Miroslav Bartoš
|c 2009
|
| 300 |
|
|
|a 28 s.
|b fareb. ilustr.
|c 20 cm
|
| 490 |
1 |
|
|a Obraz a báseň
|v 1. zv.
|
| 500 |
|
|
|a Biogr. údaje
|
| 546 |
|
|
|a Súbež. text angl.
|
| 655 |
|
7 |
|a slovenská poézia
|2 SNKPH
|9 70444
|
| 655 |
|
7 |
|a dvojjazyčné vydania
|2 SNKPH
|9 79030
|
| 655 |
|
7 |
|a Slovak poetry
|2 SNKPHeng
|9 265010
|
| 655 |
|
7 |
|a Bilingual editions
|2 SNKPHeng
|9 311380
|
| 700 |
1 |
|
|a Vongrej, Michal
|4 trl
|9 206973
|
| 700 |
1 |
|
|a Vaško, Imrich,
|d 1936-2010
|4 dnr
|9 206049
|
| 830 |
|
0 |
|a Obraz a báseň
|9 323030
|
| 919 |
|
|
|a 978-80-970159-6-1
|
| 958 |
|
|
|a LX
|
| 968 |
|
|
|d 821
|
| 999 |
|
|
|c 573602
|d 575532
|
| 952 |
|
|
|a SNK
|b SNK
|y PREZ
|7 0
|p 17A0628800
|o snkSD 78461
|i snk2009/15206
|8 0
|0 0
|1 0
|4 0
|d 2009-08-18
|l 0
|r 2025-11-26 00:00:00
|w 2026-02-23
|
| 952 |
|
|
|a SNK
|b SNK
|y VYP
|7 0
|p 17A0628801
|o snkSD 78461 D1
|i snk2009/15207
|8 0
|0 0
|1 0
|4 0
|d 2009-08-18
|l 0
|r 2017-06-30 00:00:00
|w 2026-02-23
|